| 000 | 00467nam a2200169 4500 | ||
|---|---|---|---|
| 001 | 43982 | ||
| 090 | _a43982 | ||
| 100 | _a20241129 pory50 | ||
| 101 | _apor | ||
| 102 | _aPT | ||
| 200 |
_aGato fedorento esmiúça os sufrágios _fGato fedorento _gTiago Dores , Miguel Góis , Ricardo Araújo Pereira , Zé Diogo Quintela |
||
| 210 |
_a[S.l.] _cSIC _d[cop. 2009] |
||
| 215 | _a3 DVD | ||
| 300 | _a12h42m M/6 | ||
| 675 | _a82-22 | ||
| 801 |
_aPT _gRPC |
||
| 990 | _cFILMES DVD | ||